000 00764nam a2200229 a 4500
999 _c6743
_d6743
001 6743
003 BD-JhCC
005 20180403182727.0
008 180129b2000 bg a|||| ||a| 000 0 ben d
020 _a984310983X
035 _a(BD-JhCC)6743
040 _aBD-JhCC
_dBD-JhCC
041 _aben
082 _a004.16024372
_bRAH 2000
100 _aরহমান, মুজিবুর
245 _aউচ্চ মাধ্যমিক কম্পিউটার শিক্ষা দ্বিতীয় পত্র /
_cমুজিবুর রহমান
260 _aঢাকা :
_bভয়েজার পাবলিকেশনস,
_c2000.
300 _a400 p. :
_c24 cm.
650 _aComputer Science
942 _2ddc
_cBK